<?xml version="1.0" encoding="UTF-8"?>
<record
    xmlns:xsi="http://www.w3.org/2001/XMLSchema-instance"
    xsi:schemaLocation="http://www.loc.gov/MARC21/slim http://www.loc.gov/standards/marcxml/schema/MARC21slim.xsd"
    xmlns="http://www.loc.gov/MARC21/slim">

  <leader>02776nam a2200373 u 4500</leader>
  <controlfield tag="001">23693</controlfield>
  <controlfield tag="005">20260428111003.0</controlfield>
  <controlfield tag="008">960313s1972                        spa  </controlfield>
  <datafield tag="035" ind1=" " ind2=" ">
    <subfield code="a">23693</subfield>
  </datafield>
  <datafield tag="035" ind1=" " ind2=" ">
    <subfield code="a">(OCoLC)432399073</subfield>
  </datafield>
  <datafield tag="040" ind1=" " ind2=" ">
    <subfield code="c">comduadb</subfield>
  </datafield>
  <datafield tag="041" ind1=" " ind2=" ">
    <subfield code="a">spa</subfield>
  </datafield>
  <datafield tag="082" ind1=" " ind2="4">
    <subfield code="a">150</subfield>
  </datafield>
  <datafield tag="100" ind1="1" ind2="0">
    <subfield code="a">Heimann, Paula</subfield>
    <subfield code="4">aut</subfield>
    <subfield code="e">aut</subfield>
    <subfield code="9">475502</subfield>
  </datafield>
  <datafield tag="245" ind1="1" ind2="0">
    <subfield code="a">Nuevas direcciones en psicoan&#xE1;lisis : la significaci&#xF3;n del conflicto infantil en la pauta de la conducta adulta</subfield>
  </datafield>
  <datafield tag="250" ind1=" " ind2=" ">
    <subfield code="a">2. edici&#xF3;n</subfield>
  </datafield>
  <datafield tag="260" ind1=" " ind2=" ">
    <subfield code="a">Argentina :</subfield>
    <subfield code="b">Ediciones Paid&#xF3;s,</subfield>
    <subfield code="c">1972.</subfield>
  </datafield>
  <datafield tag="300" ind1=" " ind2=" ">
    <subfield code="a">492 p&#xE1;ginas.</subfield>
  </datafield>
  <datafield tag="505" ind1=" " ind2=" ">
    <subfield code="a">CONTENIDO : Presentaci&#xF3;n. -- Prefacio. -- Introducci&#xF3;n. -- PRIMERA PARTE: Psicoan&#xE1;lisis cl&#xED;nico. -- 1: La t&#xE9;cnica psicoanal&#xED;tica del juego: su historia y significado. -- 2: Una contribuci&#xF3;n a la revaluaci&#xF3;n del complejo de Edipo. -- Las etapas tempranas. -- 3: Una concepci&#xF3;n psicoanal&#xED;tica acerca del origen de la depresi&#xF3;n. -- 4: Situaciones tempranas de ansiedad en el an&#xE1;lisis de un ni&#xF1;o en el per&#xED;odo de latencia. -- 5: El papel de la ilusi&#xF3;n en la formaci&#xF3;n de s&#xED;mbolos. -- 6: Pasos en la integraci&#xF3;n del yo observados en un an&#xE1;lisis del juego. -- 7: El an&#xE1;lisis de un esquizofr&#xE9;nico de tres a&#xF1;os con mutismo. -- 8: Observaciones sobre el psicoan&#xE1;lisis del conflicto del supery&#xF3; en un paciente esquizofr&#xE9;nico agudo. -- 9: Lenguaje y esquizofrenia. -- 10: Una combinaci&#xF3;n de mecanismos de defensa en Estados paranoides. -- 11: La necesidad de una persona obsesiva de ser "mantenida". -- 12: Tres defensas para la persecuci&#xF3;n interna. -- SEGUNDA PARTE: Psicoan&#xE1;lisis aplicado. -- 13: Sobre la identificaci&#xF3;n. -- 14: La fantas&#xED;a inconsciente de un mundo interno reflejada en ejemplos de la literatura. -- 15: El mundo interno en "El constructor", de Ibsen. -- 16: Un enfoque psicoanal&#xED;tico de la est&#xE9;tica. -- 17: La forma en el arte. -- 18: Psicoan&#xE1;lisis y &#xE9;tica. -- 19: Una revisi&#xF3;n de la din&#xE1;mica de grupo. -- 20: Los sistemas sociales como defensa contra las ansiedades persecutoria y depresiva. -- 21: Una contribuci&#xF3;n no definitiva a la teor&#xED;a del instinto de muerte.</subfield>
  </datafield>
  <datafield tag="650" ind1=" " ind2="7">
    <subfield code="a">Psicoan&#xE1;lisis</subfield>
    <subfield code="2">lemb</subfield>
    <subfield code="9">50288</subfield>
  </datafield>
  <datafield tag="650" ind1=" " ind2="7">
    <subfield code="a">Psicolog&#xED;a infantil</subfield>
    <subfield code="2">lemb</subfield>
    <subfield code="9">141415</subfield>
  </datafield>
  <datafield tag="650" ind1=" " ind2=" ">
    <subfield code="a">Juego (Psicoan&#xE1;lisis)</subfield>
    <subfield code="9">49851</subfield>
  </datafield>
  <datafield tag="650" ind1=" " ind2=" ">
    <subfield code="a">Ansiedad infantil</subfield>
    <subfield code="9">1061</subfield>
  </datafield>
  <datafield tag="650" ind1=" " ind2="7">
    <subfield code="a">Esquizofrenia</subfield>
    <subfield code="2">lemb</subfield>
    <subfield code="9">41950</subfield>
  </datafield>
  <datafield tag="650" ind1=" " ind2=" ">
    <subfield code="a">Mecanismos de defensa (Psicolog&#xED;a)</subfield>
    <subfield code="9">13384</subfield>
  </datafield>
  <datafield tag="650" ind1=" " ind2=" ">
    <subfield code="a">Identificacion (Psicolog&#xED;a)</subfield>
    <subfield code="9">51151</subfield>
  </datafield>
  <datafield tag="650" ind1=" " ind2=" ">
    <subfield code="a">Fantasia (Psicolog&#xED;a)</subfield>
    <subfield code="9">18320</subfield>
  </datafield>
  <datafield tag="650" ind1=" " ind2=" ">
    <subfield code="a">Ibsen, Henrik 1808-1906. El constructor</subfield>
    <subfield code="9">99509</subfield>
  </datafield>
  <datafield tag="650" ind1=" " ind2="7">
    <subfield code="a">Din&#xE1;mica de grupos</subfield>
    <subfield code="2">lemb</subfield>
    <subfield code="9">19893</subfield>
  </datafield>
  <datafield tag="650" ind1=" " ind2=" ">
    <subfield code="a">Proyeccion (Psicolog&#xED;a)</subfield>
    <subfield code="9">2279</subfield>
  </datafield>
  <datafield tag="700" ind1="1" ind2="0">
    <subfield code="a">Money Kirle, R. E.</subfield>
    <subfield code="4">aut</subfield>
    <subfield code="e">aut</subfield>
    <subfield code="9">475503</subfield>
  </datafield>
  <datafield tag="700" ind1="1" ind2="0">
    <subfield code="a">Klein, Melanie,</subfield>
    <subfield code="d">1882-1960</subfield>
    <subfield code="4">aut</subfield>
    <subfield code="e">aut</subfield>
    <subfield code="9">568214</subfield>
  </datafield>
  <datafield tag="942" ind1=" " ind2=" ">
    <subfield code="c">BOOK</subfield>
  </datafield>
  <datafield tag="999" ind1=" " ind2=" ">
    <subfield code="c">11299</subfield>
    <subfield code="d">11299</subfield>
  </datafield>
  <datafield tag="952" ind1=" " ind2=" ">
    <subfield code="0">0</subfield>
    <subfield code="1">0</subfield>
    <subfield code="4">0</subfield>
    <subfield code="7">0</subfield>
    <subfield code="8">GEN</subfield>
    <subfield code="a">BC</subfield>
    <subfield code="b">BC</subfield>
    <subfield code="d">1997-09-17</subfield>
    <subfield code="i">C37272</subfield>
    <subfield code="l">0</subfield>
    <subfield code="o">150.1957 N964 e2</subfield>
    <subfield code="p">61000001764733</subfield>
    <subfield code="r">2023-04-20 00:00:00</subfield>
    <subfield code="t">2</subfield>
    <subfield code="w">2023-04-20</subfield>
    <subfield code="y">BOOK</subfield>
  </datafield>
  <datafield tag="952" ind1=" " ind2=" ">
    <subfield code="0">0</subfield>
    <subfield code="1">0</subfield>
    <subfield code="4">0</subfield>
    <subfield code="7">0</subfield>
    <subfield code="8">GEN</subfield>
    <subfield code="a">BC</subfield>
    <subfield code="b">BC</subfield>
    <subfield code="d">1997-09-17</subfield>
    <subfield code="i">C37274</subfield>
    <subfield code="l">0</subfield>
    <subfield code="o">150.1957 N964 e4</subfield>
    <subfield code="p">61000001764691</subfield>
    <subfield code="r">2023-04-20 00:00:00</subfield>
    <subfield code="t">4</subfield>
    <subfield code="w">2023-04-20</subfield>
    <subfield code="y">BOOK</subfield>
  </datafield>
</record>
